| 000 | 00970nam a2200265 i 4500 | ||
|---|---|---|---|
| 001 | 180067 | ||
| 003 | ES-MaACL | ||
| 005 | 20231222152430.0 | ||
| 008 | 120410s2011 sp acop |||| |bspa d | ||
| 020 | _a978-84-613-6711-5 | ||
| 080 | _a75 Rosales, Eduardo | ||
| 080 | _a929 Rosales, Eduardo | ||
| 100 | 1 |
_aRubio Gil, Luis. _9100414 |
|
| 245 | 1 | 0 |
_aEduardo Rosales _b: primeros años, viaje iniciático, en Roma (1836-1863) / _cLuis Rubio Gil. |
| 260 |
_a[Madrid] : _bMolina, _c[2011] ( _fDedinfort) |
||
| 300 |
_a179 p. : _bil. col. y n., fot. ; _c27 cm. |
||
| 504 | _aBibliografía: p. 155-178. | ||
| 600 | 1 | 4 |
_aRosales, Eduardo, _d1836-1873 _999638 |
| 700 | 1 |
_aRosales, Eduardo, _d1836-1873 _999638 |
|
| 852 |
_aES-MaACL _jA-12042 _9186976 _bR.148295 _cDEPO1 _dOlim: N-5047 _xDonación: del autor Luis Rubio Gil |
||
| 903 |
_9100414 _aRubio Gil, Luis _ednr |
||
| 942 |
_2udc _cMONOGRAFIA |
||
| 999 |
_c180067 _d180067 |
||